Toutes les gares SNCF depuis Bordeaux - Statistiques

Statistiques générales
  • Ce quiz a été pris 206 fois
  • Le résultat moyen est 73 sur 197
Statistiques - réponses
Département Gare % Correct
15 Bouches-du-Rhône Marseille-Saint-Charles
82%
12 Charente-Maritime La Rochelle-Ville
81%
3 Nord Lille (Europe ou Flandres)
79%
15 Haute-Garonne Toulouse-Matabiau
79%
2 | 3 Charente Angoulême
78%
1 Charente Angoulême
78%
1 Paris Paris-Montparnasse
78%
1 | 2 | 3 Vienne Poitiers
78%
15 Lot-et-Garonne Agen
77%
6 Gironde Arcachon
77%
4 Pyrénées-Atlantiques Bayonne
75%
1 Gironde Libourne
75%
9 | 13 Gironde Libourne
75%
15 Hérault Montpellier-Saint-Roch
74%
15 Gironde Saint-Pierre-d'Aurillac
72%
4 Pyrénées-Atlantiques Biarritz
70%
2 Bas-Rhin Strasbourg
70%
4 | 5 Landes Dax
69%
5 Pyrénées-Atlantiques Pau
69%
4 | 5 | 6 | 7 Gironde Pessac
69%
11 Haute-Vienne Limoges-Bénédictins
68%
15 Gard Nîmes-Centre
68%
4 Pyrénées-Atlantiques Hendaye
66%
7 Landes Mont-de-Marsan
66%
9 | 10 | 11 Dordogne Périgueux
66%
1 | 2 | 3 Essonne Massy TGV
65%
15 Tarn-et-Garonne Montauban-Ville-Bourbon
64%
12 Charente-Maritime Saintes
62%
1 | 9 | 12 | 13 Gironde Cenon
62%
6 Gironde La Teste
62%
5 Hautes-Pyrénées Tarbes
61%
15 Aude Carcassonne
61%
2 | 3 Seine-et-Marne Marne-la-Vallée-Chessy TGV
60%
1 | 2 | 3 Indre-et-Loire Saint-Pierre-des-Corps
60%
4 Pyrénées-Atlantiques Saint-Jean-de-Luz-Ciboure
59%
13 Dordogne Bergerac
58%
10 Corrèze Brive-la-Gaillarde
58%
15 Aude Narbonne
58%
15 Hérault Béziers
57%
15 Lot-et-Garonne Marmande
57%
5 Hautes-Pyrénées Lourdes
55%
3 Nord Tourcoing-Roubaix-Croix Vasquehal
54%
15 Gironde Langon
53%
3 Seine-et-Marne Aéroport Charles-de-Gaulle 2 TGV
51%
14 Gironde Caudéran-Mérignac
51%
15 Hérault Sète
51%
14 Gironde Mérignac-Arlac
49%
12 Charente-Maritime Rochefort
49%
15 Gironde Bègles
47%
2 Marne Champagne-Ardennes TGV
47%
15 Bouches-du-Rhône Arles
46%
13 Dordogne Sarlat
46%
2 Meuse Meuse TGV
46%
12 Charente-Maritime Jonzac
45%
3 Somme TGV Haute-Picardie
45%
4 | 5 | 6 | 7 Gironde Biganos-Facture
44%
2 Moselle Lorraine TGV
44%
5 Pyrénées-Atlantiques Orthez
44%
15 Gironde La Réole
39%
12 Gironde Saint-André-de-Cubzac
39%
1 Gironde Coutras
38%
9 Gironde Coutras
38%
6 Gironde Gujan-Mestras
38%
14 Gironde Le Verdon
36%
15 Gironde Villenave-d'Ornon
35%
6 Gironde Le Teich
34%
1 Gironde Bassens
33%
4 | 5 | 7 Landes Ychoux
33%
14 Gironde Blanquefort
31%
6 Gironde Marcheprime
31%
4 | 5 | 7 Landes Morcenx
31%
14 Gironde Bruges
30%
12 Gironde La Grave-d'Ambarès
30%
14 Gironde Lesparre-Médoc
29%
15 Lot-et-Garonne Tonneins
29%
6 Gironde La Hume
28%
14 Gironde Le Bouscat-Sainte Germaine
28%
12 Gironde Sainte-Eulalie-Carbon-Blanc
28%
13 Gironde Saint-Emilion
28%
14 Gironde Soulac-sur-Mer
28%
12 Charente-Maritime Pons
26%
1 Gironde Saint-Loubès
26%
9 Gironde Saint-Médard-de-Guizières
26%
15 Gironde Saint-Médard-d'Eyrans
26%
15 Gironde Beautiran
25%
4 Pyrénées-Atlantiques Guéthary
25%
4 | 5 | 7 Landes Labouheyre
24%
9 Dordogne Mussidan
24%
12 Charente-Maritime Châtelaillon-Plage
23%
6 Gironde Gazinet-Cestas
23%
1 Gironde La Gorp
23%
9 Dordogne Montpon-Ménestérol
23%
4 Landes Saint-Vincent-de-Tyrosse
23%
12 Gironde Saint-Mariens-Saint-Yzan
22%
15 Gironde Cadaujac
22%
15 Gironde Cérons
22%
13 Dordogne Lamonzie-Saint-Martin
22%
4 Pyrénées-Atlantiques Les-Deux-Jumeaux
22%
14 Gironde Pauillac
22%
13 Gironde Sainte-Foy-la-Grande
22%
15 Lot-et-Garonne Aiguillon
21%
1 Gironde Vayres
21%
12 Gironde Cubzac-les-Ponts
20%
7 Landes Saint-Martin-d'Oney
20%
4 Pyrénées-Atlantiques Boucau
19%
4 Landes Labenne
19%
14 Gironde Macau
19%
4 Landes Ondres
19%
14 Gironde Parempuyre
19%
5 Pyrénées-Atlantiques Puyoô
19%
1 Gironde Saint-Denis-de-Pile
19%
1 Gironde Les Eglisottes
18%
14 Gironde Margaux
18%
9 Dordogne Saint-Astier
18%
4 Landes Saint-Geours-de-Maremme
18%
15 Gironde Barsac
17%
4 Landes Bénesse-Maremme
17%
13 Gironde Castillon
17%
15 Gironde Saint-Macaire
17%
15 Gironde Arbanats
16%
5 Pyrénées-Atlantiques Artix
16%
13 Dordogne Lalinde
16%
15 Lot-et-Garonne Lamothe-Landerron
16%
13 Gironde Lamothe-Montravel
16%
13 Dordogne Le Buisson
16%
15 Gironde Podensac
16%
15 Gironde Portets
16%
15 Lot-et-Garonne Sainte-Bazeille
16%
10 Dordogne Terrasson
16%
12 Gironde Aubie-Saint-Antoine
15%
5 Hautes-Pyrénées Saint-Pé-de-Bigorre
15%
9 Gironde Saint-Seurin-sur-l'Isle
15%
1 Gironde Saint-Sulpice-Izon
15%
11 Dordogne Thiviers
15%
15 Gironde Caudrot
14%
1 Charente Chalais
14%
15 Gironde Gironde-sur-Dropt
14%
14 Gironde Ludon
14%
1 Charente-Maritime Saint-Aigulin / La Roche Chalais
14%
13 Dordogne Saint-Cyprien
14%
13 Dordogne Siorac-en-Périgord
14%
7 Landes Ygos
14%
12 Charente-Maritime Montendre
13%
1 Charente Montmoreau
13%
11 Haute-Vienne Nexon
13%
15 Gironde Preignac
13%
4 Landes Saubusse-les-Bains
13%
13 Dordogne Trémolat
13%
13 Dordogne Vélines
13%
13 Dordogne Gardonne
12%
9 Dordogne Neuvic
12%
13 Dordogne Saint-Antoine-de-Breuilh
12%
7 Landes Arengosse
11%
10 Dordogne Condat-le-Lardin
11%
12 Gironde Gauriaguet
11%
14 Gironde Moulis-Listrac
11%
10 Dordogne Thenon
11%
5 Pyrénées-Atlantiques Assat
10%
12 Gironde Cavignac
10%
13 Dordogne Mauzac
10%
5 Pyrénées-Atlantiques Montaut-Bétharram
10%
10 Dordogne Niversac
10%
9 Dordogne Saint-Léon-sur-l'Isle
10%
15 Lot-et-Garonne Pont-Sainte-Marie
8%
6 Gironde Alouette-France
7%
11 Haute-Vienne Bussière-Galant
7%
9 Dordogne Razac
7%
12 Charente-Maritime Saint-Savinien-sur-Charente
7%
13 Dordogne Couze
6%
5 Pyrénées-Atlantiques Corraze-Nay
3%
Aucun quiz correspondant
Distribution des résultats
% des personnes avec chaque résultat
Percentile par nombre de réponses
Votre historique - résultats
Vous n’avez pas pris ce quiz